[Event "zonal 2.3"]
[Site "San Salvador ESA"]
[Date "1998.11.11"]
[Round "6"]
[White "Chavez, Ricardo Ernesto"]
[Black "Guillen Ramirez, Jose Antonio"]
[Result "0-1"]
[WhiteElo "2150"]
[BlackElo "2220"]
[EventDate "1998.11.05"]
[PlyCount "42"]

1.e4 c5 2.g3 d5 3.exd5 Qxd5 4.Nf3 Bg4 5.Bg2 Qe6+ 6.Kf1 Bh3 7.b4 cxb4 8.a3 
Nc6 9.axb4 Nxb4 10.Na3 Nf6 11.d4 g6 12.c4 Bg7 13.Qa4+ Nc6 14.d5 Nxd5 15.
cxd5 Qxd5 16.Bxh3 Bxa1 17.Nb5 Qxf3 18.Nc7+ Kd8 19.Bf4 Qxh1+ 20.Ke2 Qb1 21.
Kf3 Nd4+ 0-1

[Event "zonal 2.3"]
[Site "San Salvador ESA"]
[Date "1998.11.11"]
[Round "6"]
[White "Burgos, Carlos"]
[Black "Lorenzana, Wilson Estuardo"]
[Result "1/2-1/2"]
[WhiteElo "2085"]
[BlackElo "2130"]
[EventDate "1998.11.05"]
[PlyCount "83"]

1.e4 c5 2.Nf3 Nc6 3.c3 d5 4.exd5 Qxd5 5.d4 Bg4 6.Be2 cxd4 7.cxd4 e6 8.O-O 
Nf6 9.Bf4 Be7 10.Nc3 Qd8 11.Rc1 O-O 12.Be5 Re8 13.Qa4 a6 14.Rfd1 b5 15.Qb3
Na5 16.Qc2 Rc8 17.a3 Nd5 18.Bd3 g6 19.Qe2 Nxc3 20.Rxc3 Rxc3 21.bxc3 Qd5 
22.a4 Rc8 23.axb5 axb5 24.Bxb5 Rxc3 25.Bd3 Nc4 26.Be4 Qd7 27.h3 Bxf3 28.
Bxf3 Nxe5 29.dxe5 Qc7 30.g3 Qc5 31.Re1 Qa3 32.Kg2 Bc5 33.h4 Bd4 34.h5 Qc5 
35.Qe4 Rc2 36.Qa8+ Qf8 37.Qxf8+ Kxf8 38.Re2 Rxe2 39.Bxe2 Bxe5 40.hxg6 hxg6
41.f4 Bd6 42.Kf3 1/2-1/2

[Event "zonal 2.3"]
[Site "San Salvador ESA"]
[Date "1998.11.13"]
[Round "7"]
[White "Arencibia, Walter"]
[Black "Hernandez, Gilberto"]
[Result "1/2-1/2"]
[WhiteElo "2550"]
[BlackElo "2520"]
[EventDate "1998.11.05"]
[PlyCount "36"]

1.Nf3 Nf6 2.g3 d5 3.Bg2 c6 4.O-O Bg4 5.d3 Nbd7 6.Nbd2 e5 7.e4 dxe4 8.dxe4 
Be7 9.h3 Bh5 10.Qe1 O-O 11.Nh4 Re8 12.Nb3 Qc7 13.Be3 Bg6 14.f3 c5 15.c4 
Rad8 16.Qf2 b6 17.Nd2 Nb8 18.f4 exf4 1/2-1/2

[Event "zonal 2.3"]
[Site "San Salvador ESA"]
[Date "1998.11.13"]
[Round "7"]
[White "Zapata, Alonso"]
[Black "Garcia, Gildardo"]
[Result "1-0"]
[WhiteElo "2470"]
[BlackElo "2510"]
[EventDate "1998.11.05"]
[PlyCount "157"]

1.e4 e5 2.Nf3 Nc6 3.Bb5 a6 4.Bxc6 dxc6 5.O-O Bg4 6.h3 h5 7.d3 Qf6 8.Nbd2 
Ne7 9.Nc4 Bxf3 10.Qxf3 Qxf3 11.gxf3 Ng6 12.Be3 f6 13.Rfd1 Bd6 14.Kf1 Nf8 
15.d4 Ne6 16.dxe5 Bxe5 17.c3 b6 18.Ke2 Ke7 19.Nxe5 fxe5 20.Rg1 Kf7 21.Bg5 
Raf8 22.Rad1 Ke8 23.Rd2 Rh7 24.h4 g6 25.Rgd1 Nxg5 26.hxg5 Re7 27.Rd8+ Kf7 
28.Ke3 Rfe8 29.Rxe8 Kxe8 30.f4 exf4+ 31.Kxf4 Rf7+ 32.Ke3 Ke7 33.f4 Rf8 34.
Rd2 Ke6 35.Kf3 a5 36.Ke3 Rh8 37.Rf2 Rf8 38.Rf1 Rf7 39.Rd1 Rf8 40.Rd3 Rh8 
41.Kf3 Rf8 42.Kg3 Ke7 43.Rd2 Ke6 44.Rf2 Rd8 45.f5+ Kf7 46.Kh4 Rd1 47.fxg6+
Kxg6 48.Rf6+ Kg7 49.Kxh5 Rh1+ 50.Kg4 Rh2 51.Rxc6 Rxb2 52.Rxc7+ Kf8 53.a4 
b5 54.axb5 Rxb5 55.c4 Rb6 56.Ra7 Rc6 57.Rxa5 Rxc4 58.Kf5 Rc7 59.Ra6 Kg7 
60.e5 Rf7+ 61.Rf6 Ra7 62.Rg6+ Kf7 63.Rd6 Kg7 64.g6 Rb7 65.Rd5 Rb1 66.Rd7+ 
Kf8 67.e6 Rf1+ 68.Ke5 Re1+ 69.Kd6 Rd1+ 70.Kc7 Rg1 71.Rf7+ Kg8 72.e7 Rc1+ 
73.Kd6 Rd1+ 74.Ke5 Re1+ 75.Kd4 Rd1+ 76.Ke3 Re1+ 77.Kd2 Re6 78.Rf8+ Kg7 79.
e8=Q 1-0

[Event "zonal 2.3"]
[Site "San Salvador ESA"]
[Date "1998.11.13"]
[Round "7"]
[White "Valdes Romero, Leonardo"]
[Black "Becerra Rivero, Julio"]
[Result "0-1"]
[WhiteElo "2285"]
[BlackElo "2485"]
[EventDate "1998.11.05"]
[PlyCount "110"]

1.Nf3 c5 2.c4 g6 3.Nc3 Bg7 4.g3 Nc6 5.Bg2 Nh6 6.d4 cxd4 7.Nxd4 Nxd4 8.Bxh6
Bxh6 9.Qxd4 O-O 10.h4 Bg7 11.Qd3 d6 12.h5 Be6 13.hxg6 hxg6 14.Rc1 Qa5 15.
b3 Rab8 16.Qd2 Rfc8 17.Nd5 Qxd2+ 18.Kxd2 Kf8 19.a4 Bd7 20.Rc2 e6 21.Nc3 
Ke7 22.Rh7 Rh8 23.Rxh8 Rxh8 24.Bf3 Bd4 25.e3 Be5 26.Kd3 f5 27.b4 Bf6 28.a5
Bc6 29.Bxc6 bxc6 30.b5 Kd7 31.bxc6+ Kxc6 32.Nb5 a6 33.Nd4+ Bxd4 34.exd4 
Rb8 35.Kc3 e5 36.dxe5 dxe5 37.Re2 e4 38.Re1 Rd8 39.Rb1 Kc5 40.Rb6 Rd3+ 41.
Kc2 Rd6 42.Rxd6 Kxd6 43.Kd2 Kc5 44.Ke3 Kxc4 45.g4 fxg4 46.Kxe4 Kb4 47.Kf4 
Kxa5 48.Kxg4 Kb5 49.Kg5 a5 50.f4 a4 51.Kxg6 a3 52.f5 a2 53.f6 a1=Q 54.Kf7 
Kc6 55.Ke7 Qe5+ 0-1

[Event "zonal 2.3"]
[Site "San Salvador ESA"]
[Date "1998.11.13"]
[Round "7"]
[White "Rohl Montes, Juan"]
[Black "Minero Pineda, Sergio"]
[Result "1/2-1/2"]
[WhiteElo "2330"]
[BlackElo "2405"]
[EventDate "1998.11.05"]
[PlyCount "48"]

1.e4 e6 2.d4 d5 3.e5 c5 4.c3 Nc6 5.Nf3 Bd7 6.a3 f6 7.Bd3 Qc7 8.O-O fxe5 9.
Nxe5 Nf6 10.Bf4 Bd6 11.Re1 cxd4 12.cxd4 O-O 13.Bg3 Be8 14.Nc3 a6 15.Rc1 
Bxe5 16.dxe5 Qd8 17.h3 Nxe5 18.Rxe5 Qb6 19.Qd2 Nd7 20.Re3 Rf6 21.Rce1 Bg6 
22.Bxg6 Rxg6 23.Na4 Qd6 24.Rc3 Rf8 1/2-1/2

[Event "zonal 2.3"]
[Site "San Salvador ESA"]
[Date "1998.11.13"]
[Round "7"]
[White "Denny, Kevin"]
[Black "Clavijo, Jorge Mario"]
[Result "0-1"]
[WhiteElo "2260"]
[BlackElo "2400"]
[EventDate "1998.11.05"]
[PlyCount "134"]

1.e4 c6 2.d4 d5 3.e5 Bf5 4.Ne2 e6 5.Ng3 Bg6 6.h4 f6 7.h5 Bf7 8.f4 fxe5 9.
fxe5 Nh6 10.Bd3 Be7 11.O-O c5 12.Qf3 O-O 13.Bxh6 gxh6 14.Nf5 Bg5 15.Nd6 
Qe7 16.Nxf7 Rxf7 17.Qxf7+ Qxf7 18.Rxf7 Kxf7 19.dxc5 Bc1 20.Nc3 Bxb2 21.
Rf1+ Ke7 22.Ne2 Bxe5 23.Rb1 b6 24.cxb6 axb6 25.Rxb6 Nd7 26.Rb7 Kd6 27.Bb5 
Nc5 28.Rb6+ Ke7 29.a4 Nxa4 30.Rb7+ Kf6 31.Rxh7 Kg5 32.Bc6 Ra6 33.Bb5 Ra5 
34.Be8 Nb2 35.g3 Ra1+ 36.Kg2 Nc4 37.Re7 Ne3+ 38.Kf3 Nxc2 39.Rxe6 Rf1+ 40.
Kg2 Ne3+ 41.Kh2 Ng4+ 42.Kh3 Rf6 43.Rxf6 Nxf6 44.Bf7 d4 45.Nxd4 Bxd4 46.Bg6
Nd5 47.g4 Kf4 48.Kg2 Ne3+ 49.Kf2 Nd5+ 50.Kg2 Ke3 51.Kg3 Be5+ 52.Kg2 Nf4+ 
53.Kf1 Kf3 54.Kg1 Ke2 55.Bf5 Bd4+ 56.Kh2 Kf2 57.Bd7 Be5 58.Bc6 Ne2+ 59.Kh1
Ng3+ 60.Kh2 Nf1+ 61.Kh3 Ne3 62.Be4 Nf1 63.Bd3 Nh2 64.Be4 Nf3 65.Bxf3 Kxf3 
66.Kh4 Bf4 67.Kh3 Bg5 0-1

[Event "zonal 2.3"]
[Site "San Salvador ESA"]
[Date "1998.11.13"]
[Round "7"]
[White "Murillo Tsijli, Alexis"]
[Black "Jimenez Molina, Juan Leon"]
[Result "1/2-1/2"]
[WhiteElo "2420"]
[BlackElo "2220"]
[EventDate "1998.11.05"]
[PlyCount "133"]

1.d4 g6 2.Nf3 Bg7 3.Bg5 c5 4.c3 Nf6 5.Nbd2 cxd4 6.cxd4 O-O 7.e3 d6 8.Bd3 
Nc6 9.O-O Bd7 10.a3 Rc8 11.h3 Qc7 12.Rc1 Qb8 13.Ne4 Nxe4 14.Bxe4 Rfe8 15.
Qd2 a6 16.Rfe1 Kf8 17.Bh4 Na7 18.Qb4 b6 19.Bg3 Rxc1 20.Rxc1 Rc8 21.Rxc8+ 
Nxc8 22.Ng5 h6 23.Nf3 Qc7 24.Bd5 b5 25.Qb3 Be8 26.Qd1 Nb6 27.Ba2 Bc6 28.
Nd2 Qb7 29.f3 Bd5 30.Bxd5 Qxd5 31.Qc2 Qb7 32.Bf2 Qc8 33.Qxc8+ Nxc8 34.Kf1 
Ke8 35.Ke2 Kd7 36.Kd3 Nb6 37.b3 Nd5 38.Bg3 Nb6 39.Ne4 Nd5 40.Be1 Kc6 41.
Bd2 e5 42.dxe5 dxe5 43.g4 Nf6 44.Nxf6 Bxf6 45.Ke4 Bg7 46.Bb4 Bh8 47.Bf8 h5
48.gxh5 f5+ 49.Kd3 gxh5 50.e4 f4 51.Be7 Kd7 52.Bh4 Bg7 53.Kc3 Bf8 54.a4 
Kc6 55.Bd8 Bd6 56.Ba5 Bb8 57.Bb4 Bc7 58.Kd3 Bb8 59.Bf8 Bc7 60.Bg7 Bd6 61.
Kc3 Kc5 62.Bf6 Kc6 63.Bd8 Kd7 64.Bb6 Kc6 65.Bf2 Be7 66.Be1 Bd6 67.Bd2 
1/2-1/2

[Event "zonal 2.3"]
[Site "San Salvador ESA"]
[Date "1998.11.13"]
[Round "7"]
[White "Ruiz Gonzalez, Guillermo"]
[Black "Reyes Najera, Carlos Antonio"]
[Result "0-1"]
[WhiteElo "2310"]
[BlackElo "2235"]
[EventDate "1998.11.05"]
[PlyCount "130"]

1.e4 c5 2.Nf3 d6 3.d4 cxd4 4.Nxd4 Nf6 5.Nc3 g6 6.g3 Bg7 7.Bg2 O-O 8.O-O 
Bg4 9.f3 Bd7 10.Be3 Nc6 11.Nde2 Ne5 12.b3 Bc6 13.h3 Qa5 14.Qd2 Rfc8 15.
Rad1 b5 16.Nd4 b4 17.Nxc6 Rxc6 18.Ne2 Rac8 19.Nd4 Rc3 20.Rc1 Ned7 21.Ne2 
R3c7 22.a4 d5 23.Nf4 d4 24.Bf2 e5 25.Nd3 Rc3 26.Rfd1 Qb6 27.Be1 a5 28.Qf2 
R3c6 29.Nb2 Bh6 30.f4 Nh5 31.Nc4 Qc7 32.Bd2 exf4 33.g4 Ng7 34.e5 Rc5 35.
Bxf4 Bxf4 36.Qxf4 Nxe5 37.Nxe5 Qxe5 38.Qxd4 Qxd4+ 39.Rxd4 Ne6 40.Rd2 Nf4 
41.Bf1 Rc3 42.Kh2 Rxb3 43.cxb3 Rxc1 44.Bc4 Rc3 45.Rd8+ Kg7 46.Rd7 Rxh3+ 
47.Kg1 Kh6 48.Rxf7 Kg5 49.Ra7 Kxg4 50.Rxa5 Rc3 51.Re5 Kg3 52.Re1 Rc2 53.
Re3+ Kg4 54.a5 Ra2 55.a6 h5 56.Bb5 h4 57.Re7 Ra1+ 58.Kh2 Ra2+ 59.Kh1 h3 
60.Rh7 Nh5 61.Bd7+ Kg5 62.Bxh3 Rxa6 63.Rf7 Ng3+ 64.Kg1 Ra1+ 65.Bf1 Nxf1 
0-1

[Event "zonal 2.3"]
[Site "San Salvador ESA"]
[Date "1998.11.13"]
[Round "7"]
[White "Beltran, Carlos Armando"]
[Black "Castillo Melenes, Otto Rene"]
[Result "1-0"]
[WhiteElo "2270"]
[BlackElo "2195"]
[EventDate "1998.11.05"]
[PlyCount "65"]

1.d4 d5 2.Nf3 e6 3.Bf4 Nf6 4.e3 Be7 5.Bd3 O-O 6.O-O Nbd7 7.h3 c5 8.c3 c4 
9.Bc2 b5 10.Nbd2 b4 11.e4 bxc3 12.bxc3 dxe4 13.Nxe4 Bb7 14.Ng3 Qa5 15.Bd2 
Rfd8 16.Qe2 Rac8 17.Rfb1 Qd5 18.a4 Bc6 19.Nf1 Bd6 20.Bg5 h6 21.Bh4 Re8 22.
Ne3 Qh5 23.Bg3 Bxg3 24.fxg3 Qa5 25.Rb4 e5 26.Nxc4 Qa6 27.Nfxe5 Nd5 28.Qh5 
Re7 29.Rb2 Nxe5 30.Nxe5 Nxc3 31.Qh4 Rb7 32.Bd3 Qa5 33.Nxc6 1-0

[Event "zonal 2.3"]
[Site "San Salvador ESA"]
[Date "1998.11.13"]
[Round "7"]
[White "Guillen Ramirez, Jose Antonio"]
[Black "Infante Meyer, Salvador"]
[Result "1-0"]
[WhiteElo "2220"]
[BlackElo "2225"]
[EventDate "1998.11.05"]
[PlyCount "61"]

1.e4 c5 2.Nf3 d6 3.d4 cxd4 4.Nxd4 Nf6 5.Nc3 a6 6.Be2 e6 7.f4 Nbd7 8.Bf3 g6
9.g4 h6 10.Be3 e5 11.Nde2 Qc7 12.g5 hxg5 13.fxg5 Rh3 14.Ng1 Rxf3 15.Qxf3 
Nh5 16.Nd5 Qc6 17.O-O-O Nc5 18.Bxc5 dxc5 19.Ne2 Be6 20.Nf6+ Nxf6 21.gxf6 
b5 22.Nc3 a5 23.Qg3 b4 24.Nd5 Bd6 25.Qh4 Kd7 26.Rd2 Ra6 27.Rhd1 Qa4 28.Kb1
c4 29.c3 Bxd5 30.Rxd5 bxc3 31.Qh3+ 1-0

[Event "zonal 2.3"]
[Site "San Salvador ESA"]
[Date "1998.11.13"]
[Round "7"]
[White "Pilarte, Rene"]
[Black "Burgos, Carlos"]
[Result "1/2-1/2"]
[WhiteElo "2250"]
[BlackElo "2085"]
[EventDate "1998.11.05"]
[PlyCount "80"]

1.d4 c5 2.d5 f5 3.g3 Nf6 4.Bg2 d6 5.c4 g6 6.Nc3 Bg7 7.Nf3 O-O 8.O-O Na6 9.
Rb1 Bd7 10.b3 Nc7 11.Bb2 b5 12.Nxb5 Nxb5 13.cxb5 Bxb5 14.Ng5 Bd7 15.Re1 h6
16.Ne6 Bxe6 17.dxe6 Rb8 18.e4 Nxe4 19.Bxe4 Bxb2 20.Rxb2 fxe4 21.Rxe4 Rf6 
22.Rbe2 Qb6 23.Qd2 Kg7 24.h4 Rbf8 25.f4 c4+ 26.Qe3 cxb3 27.Qxb6 axb6 28.
axb3 Rf5 29.Ra4 Rc8 30.Ra7 Kf8 31.Kg2 Rfc5 32.g4 Rc2 33.Rxc2 Rxc2+ 34.Kf3 
Rc3+ 35.Ke4 Rxb3 36.g5 hxg5 37.hxg5 Rb4+ 38.Kf3 Rb3+ 39.Ke4 Rb4+ 40.Kf3 
Rb3+ 1/2-1/2

[Event "zonal 2.3"]
[Site "San Salvador ESA"]
[Date "1998.11.13"]
[Round "7"]
[White "Chavez, Hector Eduardo"]
[Black "Chavez, Ricardo Ernesto"]
[Result "0-1"]
[WhiteElo "2070"]
[BlackElo "2150"]
[EventDate "1998.11.05"]
[PlyCount "62"]

1.e4 c5 2.Nf3 Nc6 3.d4 cxd4 4.Nxd4 g6 5.Nc3 Bg7 6.Be3 Nf6 7.f3 O-O 8.Bc4 
Qb6 9.Qd2 Nxe4 10.fxe4 Bxd4 11.Bxd4 Qxd4 12.Qxd4 Nxd4 13.O-O-O Nc6 14.h4 
d6 15.Rdg1 Kg7 16.g4 h6 17.h5 Ne5 18.Be2 g5 19.Nd5 e6 20.Nc7 Rb8 21.c4 a6 
22.b4 Bd7 23.c5 dxc5 24.b5 axb5 25.Bxb5 Bxb5 26.Nxb5 Ra8 27.Kb1 Ra4 28.Nc3
Rd4 29.Rd1 Nxg4 30.Rxd4 cxd4 31.Nb5 Rd8 0-1

[Event "zonal 2.3"]
[Site "San Salvador ESA"]
[Date "1998.11.14"]
[Round "8"]
[White "Arencibia, Walter"]
[Black "Murillo Tsijli, Alexis"]
[Result "0-1"]
[WhiteElo "2550"]
[BlackElo "2420"]
[EventDate "1998.11.05"]
[PlyCount "84"]

1.d4 d5 2.c4 e6 3.Nc3 Nf6 4.Bg5 Be7 5.e3 h6 6.Bh4 O-O 7.Rc1 b6 8.Bxf6 Bxf6
9.cxd5 exd5 10.g3 a5 11.Bg2 c6 12.Nge2 Ra7 13.O-O Ba6 14.Re1 Rd7 15.Nf4 g6
16.h4 Bg7 17.Qb3 Rd6 18.Na4 Nd7 19.Bh3 Bb5 20.Qa3 Qb8 21.Nc3 Ba6 22.b4 
axb4 23.Qxb4 Re8 24.Rb1 Bc4 25.Bf1 Bxf1 26.Rxf1 Rf6 27.Rfc1 Bf8 28.Qb3 Bd6
29.Nce2 Qa8 30.a4 Bxf4 31.Nxf4 Rb8 32.Rc3 Rd6 33.Qa3 c5 34.Rb5 Rd8 35.a5 
g5 36.hxg5 hxg5 37.Nd3 Rh6 38.axb6 Qc6 39.Rcxc5 Nxc5 40.Qxc5 Qe6 41.Qc7 
Qe4 42.Qxd8+ Kh7 0-1

[Event "zonal 2.3"]
[Site "San Salvador ESA"]
[Date "1998.11.14"]
[Round "8"]
[White "Becerra Rivero, Julio"]
[Black "Clavijo, Jorge Mario"]
[Result "1-0"]
[WhiteElo "2485"]
[BlackElo "2400"]
[EventDate "1998.11.05"]
[PlyCount "81"]

1.e4 c6 2.d4 d5 3.e5 Bf5 4.h4 h6 5.g4 Bg6 6.h5 Bh7 7.e6 Qd6 8.exf7+ Kxf7 
9.g5 Be4 10.Bd3 e5 11.Bxe4 dxe4 12.g6+ Ke8 13.Nc3 Nf6 14.Nge2 Nbd7 15.Ng3 
exd4 16.Ncxe4 Nxe4 17.Nxe4 Qe5 18.Qe2 Bb4+ 19.c3 dxc3 20.bxc3 Be7 21.Bb2 
Qf4 22.c4 Kd8 23.Qe3 Qxe3+ 24.fxe3 Bb4+ 25.Ke2 Re8 26.Ng3 Ne5 27.Nf5 Bf8 
28.Rh4 b5 29.cxb5 cxb5 30.Re4 Nc4 31.Rxe8+ Kxe8 32.Bxg7 Bxg7 33.Nxg7+ Kf8 
34.Nf5 Ne5 35.Rg1 Kg8 36.Nxh6+ Kg7 37.Nf5+ Kf6 38.e4 Rg8 39.g7 Nf7 40.Rg6+
Ke5 41.Ne7 1-0

[Event "zonal 2.3"]
[Site "San Salvador ESA"]
[Date "1998.11.14"]
[Round "8"]
[White "Hernandez, Gilberto"]
[Black "Denny, Kevin"]
[Result "1-0"]
[WhiteElo "2520"]
[BlackElo "2260"]
[EventDate "1998.11.05"]
[PlyCount "93"]

1.e4 c5 2.Nc3 Nc6 3.f4 g6 4.Nf3 Bg7 5.g3 d6 6.Bg2 e6 7.O-O Nge7 8.a3 O-O 
9.Rb1 b6 10.b4 Rb8 11.Ne2 Bb7 12.d3 f5 13.c3 Qd7 14.Be3 c4 15.exf5 Nxf5 
16.Bf2 cxd3 17.Qxd3 Rbd8 18.Rbd1 Kh8 19.c4 Qc8 20.Nc3 e5 21.Nd5 exf4 22.
gxf4 Nce7 23.Ng5 Rde8 24.Rfe1 Nc6 25.Bh3 h6 26.Rxe8 Qxe8 27.Re1 Qc8 28.Ne6
Ne5 29.fxe5 Qxe6 30.Nf4 Qf7 31.Bxf5 gxf5 32.e6 Qf6 33.Qxd6 Rd8 34.Qc7 Qg5+
35.Kf1 Be4 36.e7 Rg8 37.Rd1 Bf6 38.h4 Bg2+ 39.Ke2 Qg4+ 40.Kd2 Qg7 41.Rg1 
Bb2 42.Rxg2 Qc3+ 43.Ke2 Qc2+ 44.Kf1 Qd1+ 45.Be1 Qf3+ 46.Kg1 Bd4+ 47.Kh2 
1-0

[Event "zonal 2.3"]
[Site "San Salvador ESA"]
[Date "1998.11.14"]
[Round "8"]
[White "Garcia, Gildardo"]
[Black "Guillen Ramirez, Jose Antonio"]
[Result "1-0"]
[WhiteElo "2510"]
[BlackElo "2220"]
[EventDate "1998.11.05"]
[PlyCount "95"]

1.e4 c5 2.Nf3 d6 3.d4 cxd4 4.Nxd4 Nf6 5.Nc3 Nc6 6.Bg5 e6 7.Qd2 a6 8.O-O-O 
Bd7 9.f4 b5 10.Bxf6 gxf6 11.Nxc6 Bxc6 12.Qe1 Be7 13.f5 Qb6 14.fxe6 fxe6 
15.Bd3 b4 16.Ne2 Qc5 17.Nf4 Bd7 18.Kb1 a5 19.Be2 a4 20.Nd3 Qa5 21.Qxb4 
Qxb4 22.Nxb4 a3 23.b3 d5 24.Bh5+ Kf8 25.c3 Bxb4 26.cxb4 Rb8 27.exd5 Rxb4 
28.dxe6 Bxe6 29.Rd6 Bf5+ 30.Ka1 Kg7 31.Rc1 Rc8 32.Rxc8 Bxc8 33.Bf3 Bg4 34.
Bxg4 Rxg4 35.Rd2 Re4 36.Kb1 Kg6 37.Kc2 Re3 38.Rf2 h5 39.Kd2 Re4 40.Kc3 h4 
41.b4 Kf7 42.Kb3 Re3+ 43.Ka4 Ke6 44.Rd2 f5 45.b5 f4 46.h3 f3 47.gxf3 Rxf3 
48.b6 1-0

[Event "zonal 2.3"]
[Site "San Salvador ESA"]
[Date "1998.11.14"]
[Round "8"]
[White "Jimenez Molina, Juan Leon"]
[Black "Zapata, Alonso"]
[Result "0-1"]
[WhiteElo "2220"]
[BlackElo "2470"]
[EventDate "1998.11.05"]
[PlyCount "100"]

1.Nf3 Nf6 2.g3 d6 3.d4 Nbd7 4.Bg2 e5 5.c4 c6 6.Nc3 Be7 7.O-O O-O 8.Qc2 Re8
9.b3 Bf8 10.Bb2 Qc7 11.dxe5 dxe5 12.Ne4 Nxe4 13.Qxe4 a5 14.Bc3 g6 15.e3 
Bg7 16.Qc2 Nc5 17.Nd2 Bf5 18.Ne4 f6 19.a3 Qf7 20.Bb2 Bf8 21.Rab1 g5 22.f3 
Bg6 23.g4 Rad8 24.Rbd1 Nxe4 25.fxe4 Qe6 26.h3 Kg7 27.Rxd8 Rxd8 28.Rd1 
Rxd1+ 29.Qxd1 a4 30.Kf2 axb3 31.Qxb3 b5 32.a4 b4 33.Kf3 h5 34.Bf1 hxg4+ 
35.hxg4 Bc5 36.Bc1 Qd7 37.Qd3 Qa7 38.Qb3 Bf7 39.Bd2 Be6 40.Be1 Kg6 41.Be2 
Qh7 42.Kg2 Qb7 43.Bf3 Kf7 44.Be2 Ke8 45.Bd1 Kd8 46.Bf3 Kc8 47.Be2 Qd7 48.
Kg3 Qh7 49.Kg2 Qxe4+ 50.Bf3 Qxc4 0-1

[Event "zonal 2.3"]
[Site "San Salvador ESA"]
[Date "1998.11.14"]
[Round "8"]
[White "Minero Pineda, Sergio"]
[Black "Valdes Romero, Leonardo"]
[Result "1/2-1/2"]
[WhiteElo "2405"]
[BlackElo "2285"]
[EventDate "1998.11.05"]
[PlyCount "27"]

1.e4 c5 2.Nf3 d6 3.d4 cxd4 4.Nxd4 Nf6 5.Nc3 Nc6 6.Be2 e6 7.Be3 Be7 8.O-O 
a6 9.f4 Bd7 10.Bf3 O-O 11.Qe1 Qc7 12.Qf2 Rac8 13.a4 Na5 14.Nxe6 1/2-1/2

[Event "zonal 2.3"]
[Site "San Salvador ESA"]
[Date "1998.11.14"]
[Round "8"]
[White "Sosa Trani, Luis"]
[Black "Ruiz Gonzalez, Guillermo"]
[Result "1-0"]
[WhiteElo "2225"]
[BlackElo "2310"]
[EventDate "1998.11.05"]
[PlyCount "37"]

1.e4 e6 2.d4 d5 3.Nc3 Bb4 4.e5 c5 5.Bd2 Ne7 6.Nb5 Bxd2+ 7.Qxd2 O-O 8.f4 
cxd4 9.Nf3 Nbc6 10.Bd3 a6 11.Nd6 f6 12.O-O fxe5 13.fxe5 Nxe5 14.Nxe5 Rxf1+
15.Rxf1 Qxd6 16.Qf4 Nf5 17.g4 Nh6 18.Qg5 Bd7 19.Rf6 1-0

[Event "zonal 2.3"]
[Site "San Salvador ESA"]
[Date "1998.11.14"]
[Round "8"]
[White "Fierro Baquero, Martha"]
[Black "Beltran, Carlos Armando"]
[Result "1-0"]
[WhiteElo "2240"]
[BlackElo "2270"]
[EventDate "1998.11.05"]
[PlyCount "73"]

1.e4 d6 2.d4 Nf6 3.Nc3 a6 4.Bd3 b5 5.e5 Ng8 6.Qf3 c6 7.Nh3 Bxh3 8.Qxh3 Qd7
9.Qg3 d5 10.O-O h5 11.f4 h4 12.Qf3 f5 13.exf6 Nxf6 14.Bg6+ Kd8 15.Bd2 Qa7 
16.a4 b4 17.Ne2 a5 18.f5 Nbd7 19.Be3 Ne4 20.Nf4 Ndf6 21.Ne6+ Kd7 22.Bf4 
Nd6 23.c3 Qb6 24.Rfc1 b3 25.Nc5+ Kc8 26.Ra3 Rb8 27.Qe2 Nfe4 28.Rxb3 Qa7 
29.Rxb8+ Qxb8 30.Qa6+ Kc7 31.c4 Qxb2 32.Qa7+ Kc8 33.Qa8+ Qb8 34.Qxc6+ Qc7 
35.Qa8+ Qb8 36.Qxb8+ Kxb8 37.Nxe4 1-0

[Event "zonal 2.3"]
[Site "San Salvador ESA"]
[Date "1998.11.14"]
[Round "8"]
[White "Soto Paez, Oliver"]
[Black "Burgos, Carlos"]
[Result "1-0"]
[WhiteElo "2320"]
[BlackElo "2085"]
[EventDate "1998.11.05"]
[PlyCount "71"]

1.e4 c5 2.Nf3 Nc6 3.d4 cxd4 4.Nxd4 g6 5.Nc3 Bg7 6.Be3 Nf6 7.Bc4 Ne5 8.Bb3 
Neg4 9.Bg5 Qa5 10.Bh4 Nxe4 11.O-O Ngf6 12.Nxe4 Nxe4 13.Re1 f5 14.f3 Qb6 
15.c3 Bf6 16.Bxf6 Nxf6 17.Qd2 e6 18.Qh6 Rf8 19.Kh1 a5 20.a4 Qc5 21.Re2 Kf7
22.Rae1 Re8 23.g4 fxg4 24.fxg4 Qf8 25.Qh4 Kg7 26.Rf1 Qe7 27.Ref2 Ng8 28.
Rf7+ Qxf7 29.Rxf7+ Kxf7 30.Qxh7+ Kf8 31.Qxg6 b6 32.Nf5 Bb7+ 33.Kg1 Re7 34.
Nxe7 Nxe7 35.Qf6+ Ke8 36.h4 1-0

[Event "zonal 2.3"]
[Site "San Salvador ESA"]
[Date "1998.11.14"]
[Round "8"]
[White "Chavez, Ricardo Ernesto"]
[Black "Pilarte, Rene"]
[Result "1/2-1/2"]
[WhiteElo "2150"]
[BlackElo "2250"]
[EventDate "1998.11.05"]
[PlyCount "90"]

1.e4 c5 2.g3 Nc6 3.Bg2 g6 4.f4 Bg7 5.Nf3 d6 6.O-O e6 7.d3 Nge7 8.c3 O-O 9.
Na3 Rb8 10.Be3 b6 11.d4 cxd4 12.Nxd4 Nxd4 13.Bxd4 e5 14.Be3 Be6 15.Rf2 Qd7
16.Rd2 Rbd8 17.Qe2 Qa4 18.Qb5 Qxb5 19.Nxb5 Nc8 20.Rad1 Bc4 21.Nxd6 Nxd6 
22.Rxd6 Rxd6 23.Rxd6 Bxa2 24.Rd7 Ra8 25.Rd1 Be6 26.f5 Bc8 27.Rd8+ Bf8 28.
Bf1 Bb7 29.Rd7 Bxe4 30.Bc4 gxf5 31.Rxf7 Kh8 32.Be6 Bg7 33.Kf2 h6 34.Bxf5 
Bxf5 35.Rxf5 Kg8 36.Ke2 Rd8 37.Rh5 Kh7 38.Rh4 Rd7 39.Rc4 h5 40.Rc6 Rf7 41.
Bg5 Rf5 42.Bd8 e4 43.Ke3 Rb5 44.b4 Rd5 45.Bf6 Bxf6 1/2-1/2

[Event "zonal 2.3"]
[Site "San Salvador ESA"]
[Date "1998.11.14"]
[Round "8"]
[White "Infante Meyer, Salvador"]
[Black "Lorenzana, Wilson Estuardo"]
[Result "1/2-1/2"]
[WhiteElo "2225"]
[BlackElo "2130"]
[EventDate "1998.11.05"]
[PlyCount "85"]

1.e4 c5 2.Nf3 d6 3.d4 cxd4 4.Nxd4 Nf6 5.Nc3 a6 6.Bc4 e6 7.Bb3 Nbd7 8.f4 
Nc5 9.f5 Be7 10.Qf3 Qc7 11.O-O O-O 12.fxe6 fxe6 13.Nf5 Nxb3 14.Nxe7+ Qxe7 
15.axb3 Nd7 16.Qe2 Rxf1+ 17.Qxf1 Ne5 18.Qe2 Bd7 19.Bf4 Bc6 20.Rd1 Rd8 21.
Qd2 Nf7 22.Qe3 Rd7 23.Rd3 e5 24.Bg3 Qg5 25.Qe1 Qg6 26.Bh4 Qe6 27.Qd1 Nh8 
28.Qh5 Qg6 29.Qxg6 Nxg6 30.Bg3 Kf7 31.Kf2 Ke6 32.Ke3 Ne7 33.Rd2 d5 34.
exd5+ Bxd5 35.Nxd5 Nxd5+ 36.Ke2 g5 37.Kf3 g4+ 38.Ke2 Rd6 39.Ke1 Nf4 40.
Bxf4 exf4 41.Re2+ Kf5 42.Kf2 Rh6 43.Re7 1/2-1/2

[Event "zonal 2.3"]
[Site "San Salvador ESA"]
[Date "1998.11.15"]
[Round "9"]
[White "Murillo Tsijli, Alexis"]
[Black "Hernandez, Gilberto"]
[Result "1-0"]
[WhiteElo "2420"]
[BlackElo "2520"]
[EventDate "1998.11.05"]
[PlyCount "81"]

1.e4 c5 2.Nf3 e6 3.d4 cxd4 4.Nxd4 Nc6 5.Nxc6 bxc6 6.Bd3 Nf6 7.O-O d5 8.Nc3
Be7 9.Re1 d4 10.Nb1 e5 11.Nd2 Bg4 12.f3 Be6 13.Nc4 Nd7 14.f4 exf4 15.Bxf4 
O-O 16.e5 Nc5 17.Bf1 Na4 18.Nd6 Qb6 19.Rb1 Rab8 20.Kh1 Nxb2 21.Qh5 Qa5 22.
Nf5 Bxf5 23.Qxf5 Qxa2 24.Qe4 Rb4 25.Bd2 Rb6 26.Ra1 Qe6 27.Rxa7 c5 28.c3 
Rd8 29.Rea1 f5 30.Qf4 d3 31.Rc7 Rc8 32.Rxc8+ Qxc8 33.g4 h6 34.Bg2 Rb8 35.
Bd5+ Kh8 36.e6 Bg5 37.Qe5 Bxd2 38.Ra7 Qg8 39.e7 Qe8 40.Qxb8 Qxb8 41.Ra8 
1-0

[Event "zonal 2.3"]
[Site "San Salvador ESA"]
[Date "1998.11.15"]
[Round "9"]
[White "Clavijo, Jorge Mario"]
[Black "Minero Pineda, Sergio"]
[Result "1-0"]
[WhiteElo "2400"]
[BlackElo "2405"]
[EventDate "1998.11.05"]
[PlyCount "67"]

1.d4 Nf6 2.c4 g6 3.Nc3 c5 4.d5 Bg7 5.e4 d6 6.Bd3 O-O 7.Nf3 e5 8.h3 a6 9.
O-O b6 10.a3 Ra7 11.b4 Re7 12.bxc5 bxc5 13.Rb1 Rb7 14.Rxb7 Bxb7 15.Bd2 Nh5
16.Qb3 Ba8 17.Rb1 Nf4 18.Bf1 h6 19.g3 Nh5 20.Qb6 Qe7 21.Bd3 Nf6 22.Na4 Kh7
23.Ba5 Rc8 24.Kg2 Bf8 25.Bc2 Kg7 26.Kh2 Kh7 27.Qxb8 Rxb8 28.Rxb8 Bxd5 29.
cxd5 Bg7 30.Nb6 g5 31.Nd2 h5 32.Ndc4 h4 33.g4 Nd7 34.Nxd7 1-0

[Event "zonal 2.3"]
[Site "San Salvador ESA"]
[Date "1998.11.15"]
[Round "9"]
[White "Zapata, Alonso"]
[Black "Fierro Baquero, Martha"]
[Result "1-0"]
[WhiteElo "2470"]
[BlackElo "2240"]
[EventDate "1998.11.05"]
[PlyCount "113"]

1.e4 c5 2.Nf3 Nc6 3.d4 cxd4 4.Nxd4 g6 5.Be2 Bg7 6.Nb3 Nf6 7.Nc3 O-O 8.O-O 
a5 9.a4 Nb4 10.f4 d5 11.e5 Ne4 12.Be3 f6 13.exf6 Bxf6 14.Nxe4 dxe4 15.c3 
Nd5 16.Bc4 Be6 17.Qe2 Qc7 18.Nc5 Bf7 19.Nxe4 Nxe3 20.Bxf7+ Rxf7 21.Qxe3 b6
22.f5 Raf8 23.fxg6 hxg6 24.Rf3 Be5 25.Qh6 Bg7 26.Qxg6 Rxf3 27.gxf3 Rxf3 
28.Rd1 Qc8 29.Rd2 Rf7 30.Ng3 Rf6 31.Qd3 Qe6 32.Qd8+ Bf8 33.Qd5 Qxd5 34.
Rxd5 Bh6 35.Re5 Kf7 36.Kg2 Bc1 37.Re2 Rf4 38.b3 Rf6 39.Ne4 Rg6+ 40.Kf3 Bh6
41.Rg2 Rxg2 42.Kxg2 Ke6 43.Kf3 Kd5 44.h4 Bc1 45.Ng3 Bd2 46.Ne2 e5 47.c4+ 
Kc5 48.Ke4 Kb4 49.Kd3 Be1 50.h5 Kxb3 51.h6 Bh4 52.Nc3 Bf6 53.Nd5 Bh8 54.
Nxb6 Kb4 55.Ke4 Kc5 56.Nd7+ Kxc4 57.Nf8 1-0

[Event "zonal 2.3"]
[Site "San Salvador ESA"]
[Date "1998.11.15"]
[Round "9"]
[White "Denny, Kevin"]
[Black "Soto Paez, Oliver"]
[Result "1/2-1/2"]
[WhiteElo "2260"]
[BlackElo "2320"]
[EventDate "1998.11.05"]
[PlyCount "36"]

1.e4 c5 2.Nf3 e6 3.c3 Nf6 4.e5 Nd5 5.d4 cxd4 6.Bc4 Nb6 7.Bb3 d6 8.cxd4 Nc6
9.exd6 Bxd6 10.Nc3 O-O 11.O-O Nd7 12.a3 Re8 13.d5 exd5 14.Nxd5 Nde5 15.Ng5
Bf5 16.Bc2 Qd7 17.Ne4 Bxe4 18.Bxe4 Ng4 1/2-1/2